All UEFA European Championship Teams Ever - Statistics

General Stats
  • This quiz has been taken 11,128 times
    4,422 since last reset
  • The average score is 36 of 41
Answer Stats
Country % Correct
Spain
98%
West Germany
97%
England
96%
France
96%
Germany
96%
Portugal
96%
Italy
95%
Belgium
94%
Russia
94%
Sweden
94%
Netherlands
93%
Austria
92%
Croatia
92%
Denmark
92%
Finland
92%
Norway
92%
Republic of Ireland
92%
Scotland
92%
Slovakia
92%
Greece
91%
Poland
91%
Serbia
91%
Slovenia
91%
Switzerland
91%
Albania
90%
Turkey
90%
Ukraine
90%
Czech Republic
89%
Hungary
89%
Romania
89%
Wales
88%
Bulgaria
87%
Iceland
84%
Northern Ireland
84%
North Macedonia
79%
Yugoslavia
76%
Latvia
75%
Georgia
74%
Soviet Union
72%
Czechoslovakia
62%
Commonwealth of Independent States
11%
No matching quizzes found
Score Distribution
Percent of People with Each Score
Percentile by Number Answered
Your Score History
You have not taken this quiz since the last reset